Statystyki dla Wszystkie kluby które wygrały ligę mistrzów

Kliknij tutaj aby rozwiązać quiz!

Ogólne statystyki

  • Ten quiz został rozwiązany 347 razy
  • Średni wynik to 26 z 31

Statystyki odpowiedzi

WskazówkiOdpowiedzi% Poprawnych
01/02Real Madryt
100%
99/00Real Madryt
100%
97/98Real Madryt
100%
21/22Real Madryt
100%
17/18Real Madryt
100%
16/17Real Madryt
100%
15/16Real Madryt
100%
13/14Real Madryt
100%
08/09FC Barcelona
98%
10/11FC Barcelona
98%
14/15FC Barcelona
98%
05/06FC Barcelona
98%
22/23Manchester City
93%
12/13Bayern
89%
00/01Bayern
89%
19/20Bayern
89%
98/99Manchester United
89%
07/08Manchester United
89%
18/19Liverpool
86%
04/05Liverpool
86%
02/03AC Milan
84%
06/07AC Milan
84%
93/94AC Milan
84%
11/12Chelsea
79%
20/21Chelsea
79%
09/10Inter Mediolan
78%
95/96Juventus
71%
94/95Ajax
55%
03/04Porto
55%
96/97Borussia Dortmund
50%
92/93Olimpique Marseille
7%

Rozkład punktacji

Percentyl według liczby udzielonych odpowiedzi

Procent ludzi z każdym wynikiem

Twoja historia wyników

Nie rozwiązałeś tego quizu